GC/Works/5 (Record no. 100629)
[ view plain ]
| 000 -LEADER | |
|---|---|
| fixed length control field | 00999cam a2200241 4500 |
| 008 - FIXED-LENGTH DATA ELEMENTS--GENERAL INFORMATION | |
| fixed length control field | 000000n2000 000 0 eng u |
| 020 ## - INTERNATIONAL STANDARD BOOK NUMBER | |
| International Standard Book Number | 0117024937 |
| 035 ## - SYSTEM CONTROL NUMBER | |
| System control number | (Sirsi) u106833 |
| 041 #0 - LANGUAGE CODE | |
| Language code of text/sound track or separate title | eng |
| 050 04 - LIBRARY OF CONGRESS CALL NUMBER | |
| Classification number | 692.8 $2 18 |
| 110 2# - MAIN ENTRY--CORPORATE NAME | |
| Corporate name or jurisdiction name as entry element | Property Advisers to the Civil Estate |
| 9 (RLIN) | 3610 |
| 245 00 - TITLE STATEMENT | |
| Title | GC/Works/5 |
| Remainder of title | commentary 2000 |
| 260 ## - PUBLICATION, DISTRIBUTION, ETC. | |
| Place of publication, distribution, etc. | London |
| Name of publisher, distributor, etc. | Stationery Office |
| Date of publication, distribution, etc. | 2000 |
| 300 ## - PHYSICAL DESCRIPTION | |
| Extent | iii, 50p. |
| Dimensions | 30cm. |
| 350 ## - PRICE (NR) (BK AM CF MU VM SE) [OBSOLETE] | |
| Price | 30 |
| 520 ## - SUMMARY, ETC. | |
| Summary, etc. | Provides guidance on GC/Works/5 General Conditions for the Appointment of Consultants 1998 (ISBN 0117023108) and GC/Works/5 General Conditions for the Apointment of Consultants: Framework Agreement 1999 (ISBN 0117023329). |
| 650 24 - SUBJECT ADDED ENTRY--TOPICAL TERM | |
| Topical term or geographic name entry element | GC/WORKS/5 GENERAL CONDITIONS FOR THE APPOINTMENT OF CONSULTANTS (1998 EDITION) |
| 650 24 - SUBJECT ADDED ENTRY--TOPICAL TERM | |
| Topical term or geographic name entry element | GC/WORKS/5 GENERAL CONDITIONS FOR THE APPOINTMENT OF CONSULTANTS FRAMEWORK AGREEMENT (1999 EDITION) |
| 651 #4 - SUBJECT ADDED ENTRY--GEOGRAPHIC NAME | |
| Geographic name | United Kingdom |
| Chronological subdivision | |
| 690 ## - LOCAL SUBJECT ADDED ENTRY--TOPICAL TERM (OCLC, RLIN) | |
| Topical term or geographic name as entry element | BUILT ENVIRONMENT-BUILDING CONTRACT FORMS |
| 942 ## - ADDED ENTRY ELEMENTS (KOHA) | |
| Suppress in OPAC | 0 |
| Withdrawn status | Lost status | Source of classification or shelving scheme | Damaged status | Not for loan | Home library | Current library | Shelving location | Date acquired | Cost, normal purchase price | Total Checkouts | Full call number | Barcode | Date last seen | Date last checked out | Copy number | Cost, replacement price | Price effective from | Koha item type |
|---|---|---|---|---|---|---|---|---|---|---|---|---|---|---|---|---|---|---|
| Dewey Decimal Classification | London | London | Boxed set | 12/07/2000 | 30.00 | 7 | GCW 2000/5A | 30061718 | 06/08/2019 | 10/01/2007 | 1 | 30.00 | 06/08/2019 | Book | ||||
| Dewey Decimal Classification | London | London | Boxed set | 16/12/2005 | 25.50 | 1 | GCW 2000/5A | 30071689 | 06/08/2019 | 22/11/2007 | 2 | 25.50 | 06/08/2019 | Book |